Online
Catalog

El Contorno del Abismo : (Record no. 42309)

MARC details
000 -CABECERA
campo de control de longitud fija 00710nam a2200205 a 4500
001 - NÚMERO DE CONTROL
campo de control 000042820
005 - FECHA Y HORA DE LA ÚLTIMA TRANSACCIÓN
campo de control 20201002040424.0
008 - DATOS DE LONGITUD FIJA--INFORMACIÓN GENERAL
campo de control de longitud fija 140210s1999 sp ac 001 0 spa d
020 ## - NÚMERO INTERNACIONAL ESTÁNDAR DEL LIBRO
Número Internacional Estándar del Libro 8483100975
040 ## - FUENTE DE LA CATALOGACIÓN
Centro catalogador/agencia de origen DO-SdBNP
Lengua de catalogación spa
Centro/agencia transcriptor BNPHU
100 1# - ENTRADA PRINCIPAL--NOMBRE DE PERSONA
Nombre de persona Fernández, J.Benito
Fechas asociadas al nombre 1956-
9 (RLIN) 70182
245 13 - MENCIÓN DE TÍTULO
Título El Contorno del Abismo :
Resto del título vida y leyenda de Leopoldo María Panero /
Mención de responsabilidad, etc. J. Benito Fernández ; prólogo de Antonio Martínez Sarrión.
260 ## - PUBLICACIÓN, DISTRIBUCIÓN, ETC.
Lugar de publicación, distribución, etc. Barcelona :
Nombre del editor, distribuidor, etc. Tusquets,
Fecha de publicación, distribución, etc. 1999.
300 ## - DESCRIPCIÓN FÍSICA
Extensión 404 p. ;
Dimensiones 24 cm.
490 1# - MENCIÓN DE SERIE
Mención de serie Andanzas
Designación de volumen o secuencia 371
504 ## - NOTA DE BIBLIOGRAFÍA, ETC.
Nota de bibliografía, etc. Bibliografía: p. 387-391
500 ## - NOTA GENERAL
Nota general Incluye índice
700 1# - PUNTO DE ACCESO ADICIONAL--NOMBRE DE PERSONA
Nombre de persona Martínez Sarrión, Antonio
Fechas asociadas al nombre 1939 -
Término indicativo de función/relación pról.
9 (RLIN) 24416
830 #0 - PUNTO DE ACCESO ADICIONAL DE SERIE-TÍTULO UNIFORME
Título uniforme Andanzas
Designación de volumen o secuencia 371
9 (RLIN) 18113
Holdings
Estado de retiro Estado de pérdida Restricciones de uso No para préstamo Código de colección Localización permanente Ubicación/localización actual Ubicación en estantería Fecha de adquisición Número de inventario Total de préstamos Signatura topográfica completa Código de barras Fecha visto por última vez Precio válido a partir de Tipo de ítem Koha
        Monografías: Libros y Folletos General General Orden iniciada 10.02.2014 LF1   42820-10 25.06.2020 25.06.2020 No se presta

Powered by Koha